Schlesische Landwirthschaftliche Monatschrift In Verbindung mit mehrern praktischen Landwirthen

Bibliographic Details
Other Authors: Weber, Friedrich Benedict, 1774-1848 (Editor), Block, Albrecht, 1774-1847 (Editor), Plathner, Georg Ludwig August, (1781-1859) (Editor), Zimmermann (Editor), Korn, Wilhelm Gottlieb (Printer)
Format: Journal
Language:German
PhysicalDescription:20 cm
Published: Breslau bei Wilhelm Gottlieb Korn 1829-1831
Subjects:

MARC

LEADER 00000nas a2200000 a 4500
001 vtls012266795
003 SK-MaSNL
005 20260228160928.0
008 241111c18291831pl mr p 0 0ger
015 |a SNBHFB 
040 |a SNKHF  |b slo  |c SNKHF  |e rda 
041 0 |a ger 
044 |a pl  |c PL 
072 7 |a 63  |x Poľnohospodárstvo a príbuzné oblasti vedy a techniky  |2 konspekt 
080 |a 631  |2 2011 
080 |a (051)-048.55 
245 0 0 |a Schlesische Landwirthschaftliche Monatschrift  |b In Verbindung mit mehrern praktischen Landwirthen 
264 1 |a Breslau  |b bei Wilhelm Gottlieb Korn  |c 1829-1831 
300 |c 20 cm 
310 |a 1x mesačne 
336 |a text  |b txt  |2 rdacontent 
337 |a bez média  |b n  |2 rdamedia 
338 |a zväzok  |b nc  |2 rdacarrier 
362 0 |a April (1829)-December (1831) 
500 |a Editor: 1829- , Block, Albrecht ; Plathner, Georg Ludwig August ; Weber, Friedrich Benedikt 
500 |a Editor: 1830- , Block, Albrecht ; Plathner, Georg Ludwig August ; Weber, Friedrich Benedikt ; Zimmermann 
500 |a Editor: 1831- , Block, Albrecht ; Plathner, Georg Ludwig August ; Weber, Friedrich Benedikt ; Zimmermann 
500 |a Rok 1829 je rozdelený na tri časti, prvá časť obsahuje tri čísla. druhá a tretia dve čísla 
500 |a Rok 1830-1831 je rozdelený na tri časti, každá časť obsahuje štyri čísla 
546 |a Nemčina  |b Fraktúra 
561 |a Proveniencia: pečiatka Dr. E. Kadarász - ver. not. poz. Margity Zayovej Čís. 8119-8123, 8126-8127.  |5 SNK ČD 2552/1829 
561 |a Proveniencia: pečiatka Dr. E. Kadarász - ver. not. poz. Margity Zayovej Čís. 8128-8139.  |5 SNK ČD 2552/1830 
561 |a Proveniencia: pečiatka Dr. E. Kadarász - ver. not. poz. Margity Zayovej Čís. 8140-8151.  |5 SNK ČD 2552/1831 
650 0 7 |a poľnohospodárstvo  |2 SNKPH  |9 679 
655 7 |a špecializované časopisy  |2 SNKPH  |9 70509 
700 1 |a Weber, Friedrich Benedict,  |d 1774-1848  |4 edt  |9 267615 
700 1 |a Block, Albrecht,  |d 1774-1847  |4 edt  |9 267616 
700 1 |a Plathner, Georg Ludwig August,  |d (1781-1859)  |4 edt  |9 267617 
700 1 |a Zimmermann  |4 edt  |9 267618 
700 1 |a Korn, Wilhelm Gottlieb  |4 prt  |9 267619 
752 |a Poľsko  |d Vroclav 
852 |a snk  |b Zaiova knižnica: Zay 7743-7749  |p ČD 2552/1829 
852 |a snk  |b Zaiova knižnica: Zay 7750/1-7760  |p ČD 2552/1830 
852 |a snk  |b Zaiova knižnica: Zay 7761-7772  |p ČD 2552/1831 
958 |a DF 
999 |c 3932  |d 5862 
952 |0 0  |1 0  |4 0  |7 0  |8 5  |a SNK  |b SNK  |c SNK_HF  |d 2024-11-12  |i snk2024/17170  |l 0  |o snkČD 2552/1829  |p 17A1488039  |r 2026-02-21 22:34:17  |t Zay 7743-7749  |w 2026-02-21  |y PREZ 
952 |0 0  |1 0  |4 0  |7 0  |8 5  |a SNK  |b SNK  |c SNK_HF  |d 2024-11-12  |i snk2024/17171  |l 0  |o snkČD 2552/1830  |p 17A1488040  |r 2026-02-21 22:34:17  |t Zay 7749/1-7760  |w 2026-02-21  |y PREZ 
952 |0 0  |1 0  |4 0  |7 0  |8 5  |a SNK  |b SNK  |c SNK_HF  |d 2024-11-12  |i snk2024/17172  |l 0  |o snkČD 2552/1831  |p 17A1488041  |r 2026-02-21 22:34:17  |t Zay 7761-7772  |w 2026-02-21  |y PREZ